000 00869nas a2200277 4500
001 BR0201274
003 BR-BrBNA
005 20231205102809.0
007 ta
008 230509b bl.|||p| |||| 00| 00por d
040 _aBR-BrBNA
_bpor
_cBiblioteca Nacional de Agricultura
041 _a(Pt)
072 _aF30; J11
100 1 _aTeixeira, G.H. de A.
100 1 _aDurigan, J.F.
100 1 _aDonadio, L.C.
100 1 _aSilva, J.A.A. da
245 1 _aCaracterização pós-colheita de seis cultivares de carambola (Averrhoa carambola L.)
650 _aCARAMBOLA
650 _aPROPRIEDADE FÍSICO-QUÍMICA
650 _aMELHORAMENTO VEGETAL
650 _aQUALIDADE
773 0 _tRevista Brasileira de Fruticultura (Brazil)
_xISSN 0100-2945
_g(Dec 2001), v. 23(3) p. 546-550
_wBR0201274
909 _a202311
_bLúcia
_c55
_dLúcia Elande
942 _2AGRIS
_n0
_cANA
999 _c169377
_d169377